000 00316 a2200157 4500
001 58202
020 _a8508014740
040 _cAnchieta - Pituba
100 _aAlencar, José de
240 1 0 _aIracema
_lpor
245 1 0 _aIracema
300 _a91
362 0 _a1989
650 4 _aFicção brasileira
942 _cBK
999 _c58202
_d58202